Értékesítés és marketing kapcsolatának bemutatása a First Class 1.0. termék forgalmazásán keresztül

Bibliographic Details
Main Author: Dankos Nóra
Other Authors: Kopcsay Dr. László
Format: Thesis
Kulcsszavak:Értékesítés
Marketing
Termékbevezetés
Online Access:http://dolgozattar.uni-bge.hu/15509

MARC

LEADER 00000nta a2200000 i 4500
001 dolg15509
005 20200504045912.0
008 180504suuuu hu om 000 hun d
040 |a BGE Dolgozattár Repozitórium  |b hun 
041 |a hu 
100 1 |a Dankos Nóra 
245 1 0 |a Értékesítés és marketing kapcsolatának bemutatása a First Class 1.0. termék forgalmazásán keresztül  |c Dankos Nóra  |h [elektronikus dokumentum] 
695 |a Értékesítés 
695 |a Marketing 
695 |a Termékbevezetés 
700 1 |a Kopcsay Dr. László  |e ths 
856 4 0 |u http://dolgozattar.uni-bge.hu/15509/1/SZAKDOLGOZAT_2018_ZRRLFP.pdf  |z Dokumentum-elérés 
856 4 0 |u http://dolgozattar.uni-bge.hu/15509/7/HivatalosBejegyzes%20%281%29.pdf  |z Dokumentum-elérés